Nevinní andělé /
Inspektorka Lexi Bennettová se ocitá ve víru vyšetřování jednoho z nejzáhadnějších případů své kariéry.
Uloženo v:
| Série: | Inspektorka Lexi Bennettová,
část 3 |
|---|---|
| Hlavní autor: | |
| Další autoři: | |
| Médium: | E-kniha |
| Jazyk: | Czech |
| Vydáno: |
Praha :
Kniha Zlin,
2025
|
| Vydání: | Vydání první |
| Témata: | |
| Příbuzné jednotky: | Z cyklu::
Inspektorka Lexi Bennettová |
| Tagy: |
Žádné tagy |
| LEADER | 02501nam a2200481 i 4500 | ||
|---|---|---|---|
| 001 | 312825 | ||
| 003 | CZ PrSKC | ||
| 005 | 20260601215729.0 | ||
| 007 | ta | ||
| 008 | 250929s2025 xr g 000 f cze | ||
| 015 | |a cnb003710727 | ||
| 020 | |a 9788076629165 |q (vázáno) | ||
| 035 | |a (OCoLC)1559932906 | ||
| 040 | |a ABG001 |b cze |d OLA001 |e rda | ||
| 041 | 1 | |a cze |h eng | |
| 072 | 7 | |a 821.111-3 |x Anglická próza, anglicky psaná |2 Konspekt | |
| 080 | |a 821.111-31 |2 MRF | ||
| 080 | |a (0:82-312.4) |2 MRF | ||
| 100 | 1 | |a Belsham, Alison |7 mzk20181009027 |4 aut | |
| 240 | 1 | 0 | |a Innocent angels. |l Česky |
| 245 | 1 | 0 | |a Nevinní andělé / |c Alison Belshamová ; přeložil Matouš Hájek |
| 250 | |a Vydání první | ||
| 264 | 1 | |a Praha : |b Kniha Zlin, |c 2025 | |
| 300 | |a 352 stran ; |c 21 cm | ||
| 336 | |a text |b txt |2 rdacontent | ||
| 337 | |a bez média |b n |2 rdamedia | ||
| 338 | |a svazek |b nc |2 rdacarrier | ||
| 500 | |a Přeloženo z angličtiny | ||
| 520 | 2 | |a Inspektorka Lexi Bennettová se ocitá ve víru vyšetřování jednoho z nejzáhadnějších případů své kariéry. |b V jeskyni pod vinicí je nalezena brutálně zavražděná mladá žena. Její tělo zdobí andělská křídla, vedle se batolí její dcerka. Když je nalezena další žena s křídly a dítětem, je jasné, že vrah praktikuje děsivý rituál. Veřejnost a vedení na Lexi tlačí, aby byl případ rychle uzavřen. Ta se však nechává vést instinktem a noří se do minulosti. Jenže vrah už si vyhlédl další oběť... Čas se krátí. Nakladatelská anotace. | |
| 655 | 7 | |a anglické romány |7 fd131814 |2 czenas | |
| 655 | 7 | |a detektivní romány |7 fd132010 |2 czenas | |
| 655 | 7 | |a thrillery (romány) |7 fd184206 |2 czenas | |
| 655 | 9 | |a English fiction |2 eczenas | |
| 655 | 9 | |a detective novels |2 eczenas | |
| 655 | 9 | |a thrillers (novels) |2 eczenas | |
| 700 | 1 | |a Hájek, Matouš |7 xx0206531 |4 trl | |
| 787 | 0 | 8 | |i Z cyklu: |t Inspektorka Lexi Bennettová |g 3 |
| 900 | |a ABA001 |b 21 | ||
| 928 | 9 | |a Albatros Media - Kniha Zlin | |
| 044 | |a xr | ||
| 910 | |a RBIT002 | ||
| 998 | |d 422643 |a https://core.palmknihy.cz/api/books/422643/cover?t3664x |b https://core.palmknihy.cz/api/books/422643/cover/400?t3664x |c https://core.palmknihy.cz/api/books/422643/cover/50?t3664x |e 2030-09-26 |g 360 |i 9788076629165 |j https://core.palmknihy.cz/api/books/422643/preview.epub |k https://core.palmknihy.cz/api/books/422643/preview.pdf |l |q 49 |r 1 |s https://www.palmknihy.cz/kniha/422643 |t ebook |y 2025 |z 0 |v Inspektorka Lexi Bennettová |w 3 | ||
| 999 | |d 312823 | ||